I Miss You - blink-182 lyrics quiz - Statistics

General Stats
  • This quiz has been taken 133 times
  • The average score is 36 of 44
Answer Stats
% Correct
I {miss} you, I {miss} you
100%
{Hello}, there
94%
And I'm so {sorry}
92%
And in the {night},
92%
{Where} are you?
92%
My {nightmare}
90%
The {angel} from
89%
Where you can always {find} me
89%
And hear your {voice}
87%
I cannot {sleep},
87%
I need somebody and {always}
87%
My {head}
87%
The {voice} inside
87%
We'll {wish} this never ends
87%
And we'll have {Halloween}
86%
Don't {waste}
86%
You're {already}
86%
Your {time} on me,
86%
And {Sally} if we want
85%
On {Christmas}
85%
We can live like {Jack}
85%
And stop this {pain} tonight?
83%
Eating their {insides}
83%
Stop this {pain} tonight
83%
The {shadow} in the
83%
Background of the {morgue}
82%
{Victim}
82%
All the {spiders}
81%
{darkness}
80%
I cannot {dream} tonight
80%
Of {darkness} in
80%
Will you come {home}
78%
So {haunting} every time
77%
The {unsuspecting}
77%
The {valley}
77%
This {sick},
76%
Like {indecision} to call you
75%
Comes {creeping} on,
73%
Of {treason}
73%
{strange}
73%
I {counted}
72%
The {webs} from
72%
And as I {stare},
71%
{Catching} things and
71%
No matching quizzes found
Score Distribution
Percent of People with Each Score
Percentile by Number Answered
Your Score History
You have not taken this quiz